Регионална библиотека "Любен Каравелов" - Русе

Избрани есета (Запис номер 147061)

MARC детайли
000 -Лидер
Контролно поле с фиксирана дължина 01259nam a2200325 c 4500
003 - Код на организацията, давaща контролен номер
Контролно поле BLK
005 - Дата и час на последна редакция
Контролно поле 20181005125256.0
008 - Елементи от данни с фиксирана дължина
fixed length control field 180410b bul|||||r ||||||| ||bul||
010 ## - Наследен системен номер
LC control number KNG00153269000
020 ## - Международен стандартен номер на книга ISBN
Международен стандартен номер на книга ISBN 978-954-529-945-2
-- издат.: Колибри
040 ## - Източник на каталожния запис
Идентификатор на билиотеката - собственик на записа BLK
041 ## - Код за език
Код за езика на текст/звукозапис или на отделно заглавие Български
Код за езика КДБФ Български
072 #7 - Код за тематичната категория
Код организация bullib
Код за тематична категория Н83
Текст Чужда художествена литература Н
080 ## - УДК
Текстов определител УДК Аржентинска литература
УДК код - определител по УДК 821.134.2(82)
УДК определител -4(081.2)
УДК - код + определител 821.134.2(82)-4(081.2)
100 1# - Редна дума - Автор
Автор Борхес, Хорхе Луис
Авторска отговорност първи автор
R(LIN) 41925
139 ## - Редно поле
Редна дума Борхес, Хорхе Луис
Авторски знак Боро - Б 67
245 10 - Сведения за заглавието
Заглавие Избрани есета
Редно поле (дума) Хорхе Луис Борхес; прев. от исп. Анна Асенова Златкова.
257 ## - Страна на издаване
Страна на създаване/издаване Аржентина
260 ## - Област на издателските данни
-- София
Име на издателя, разпространителя и проч. Колибри
Година на издаване 2011
Печатница София : Симолини
300 ## - Физическа характеристика
Страници 308 с.
Размери/Мащаб 20 см
380 ## - Жанр
Жанр Худож. лит.
500 ## - Общи забележки
Забележка Ориг. загл. Obras Completas / Jorge Luis Borges
659 ## - Тематичен бюлетин
Тематичен бюлетин Н
700 1# - Други автори (авторска отговорност)
Лично име Златкова, Анна Асенова
Автороска отговорност (Описва отношението между автора и произведението) прев. от исп.
9 (RLIN) 371891
852 ## - Местоположение
Форматна сигнатура Цб 266395
856 4# - Електронен адрес и достъп
Електронен формат pdf - файл
Път до файла /url/
856 4# - Електронен адрес и достъп
Електронен формат pdf - файл
Път до файла /url/
942 ## - АРТИКУЛИ
Вид на библиотечния материал Книги
Скрит в OPAC Не
Koha issues (borrowed), all copies 2
944 ## - СЪЗДАВАНЕ И РЕДАКЦИЯ на ЗАПИСА
Създаване/Редакция Създаване
Дата на регистрацията/редакция 14.11.2013
Служител, извършил регистрацията/редакцията Геновева_Генчева
944 ## - СЪЗДАВАНЕ И РЕДАКЦИЯ на ЗАПИСА
Създаване/Редакция Редакция
Дата на регистрацията/редакция 07.08.2014
Служител, извършил регистрацията/редакцията
999 ## - СИСТЕМНИ КОНТРОЛНИ НОМЕРА
Koha biblionumber 147061
Koha biblioitemnumber 147061
Наличности
Код за отписване Код за изгубен артикул Код за повреда Коз за рестрикции Код за отдаване Артикулен № Име на библиотеката - собственик Име на библиотеката, в която се намира в момента Статус (Текущо местоположение) Дата на вписване в системата Местоположение - отдел Цена в лева Инвентарен номер Систематично азбучна сигнатура Баркод Номер на екземпляра Цена в евро Служебна бележка Служебен тип на артикула
  Не е изгубен Не е повреден без рестрикции ползва се в читалня 244666 Регионална библиотека "Любен Каравелов" Русе Регионална библиотека "Любен Каравелов" Русе Хранилище 2013-11-15 Хранилище 18.00 120000771577 Цб 266395 120000771577 1 9.20 Дост: Dp Вид: Д N: 43 Дата: 23.10.2012 Книги
  Не е изгубен Не е повреден без рестрикции заемане за дома 244667 Регионална библиотека "Любен Каравелов" Русе Регионална библиотека "Любен Каравелов" Русе Заемна - подръчен фонд 2014-06-26 Заемна - подръчен фонд 18.00 120000778683 П 860(7/8)/Б 67 120000778683 2 9.20 Дост: DA Вид: А N: 11 Дата: 26.06.2014 Дата инв: 08.03.2018 Бележки инв: П2018 Книги
Vip Innovations Ltd, Rousse, Bulgaria 2025